Fontaines D.C. "Romance" tracklist - Statistics

General Stats
  • This quiz has been taken 216 times
  • The average score is 9 of 11
Answer Stats
Hint Answer % Correct
1. Romance
96%
2. Starburster
96%
11. Favourite
95%
6. Bug
91%
5. In The Modern World
84%
10. Death Kink
83%
4. Desire
79%
3. Here's The Thing
78%
7. Motorcycle Boy
75%
8. Sundowner
75%
9. Horseness Is The Whatness
68%
No matching quizzes found
Score Distribution
Percent of People with Each Score
Percentile by Number Answered
Your Score History
You have not taken this quiz